Statistics for Billionaires by Picture

Click here to take the quiz!

General Stats

  • This quiz has been taken 61 times
  • The average score is 5 of 9

Answer Stats

Answer% Correct
Elon Musk
100%
Jeff Bezos
100%
Bill Gates
95%
Warren Buffett
74%
Larry Page
33%
Larry Ellison
30%
Steve Ballmer
30%
Sergey Brin
28%
Bernard Arnault
23%

Score Distribution

Percentile by Number Answered

Percent of People with Each Score

Your Score History

You have not taken this quiz